000 00243nam a22001217a 4500
008 181008b xxu||||| |||| 00| 0 eng d
041 _aeng
080 _a710
100 _a45
101 _aart
245 _aPicaso
_cBrace.H
942 _2udc
_cBK
999 _c48997
_d48997